| 000 | 00954nam a2200325Ka 4500 | ||
|---|---|---|---|
| 001 | 9299581 | ||
| 003 | ARRUPE | ||
| 005 | 20161017085628.0 | ||
| 006 | m d | ||
| 007 | cr bn||||||abp | ||
| 007 | cr bn||||||ada | ||
| 008 | 111008t19271926xx o 000 0 eng d | ||
| 035 | _a(OCoLC)ocn756432717 | ||
| 035 | _a(OCoLC)756432717 | ||
| 040 |
_aOCLCE _beng _cOCLCE |
||
| 049 | _aZCUA | ||
| 050 | 4 | _aB3263.W45E6 | |
| 100 | 1 |
_aHaeckel, Ernst Heinrich Philipp August, _d1834-1919. _926736 |
|
| 245 | 1 | 4 |
_aThe riddle of the universe _cby Ernst Haeckel |
| 260 |
_aLondon _bWatts, _c1934 |
||
| 300 |
_ax, 324p.; _c23cm. |
||
| 500 | _aPublished originally in 1929 | ||
| 650 | 0 |
_aMonism. _926737 |
|
| 650 | 0 |
_aEvolution. _916208 |
|
| 650 | 0 |
_aReligion and science. _y1800-1899 _926738 |
|
| 700 | 1 |
_aRandolph, Vance, _d1892- _926739 |
|
| 740 | 4 | _aThe riddle of the universe. | |
| 776 | 1 |
_cOriginal _w(OCoLC)233991947 |
|
| 942 |
_2lcc _cMONOGRAPH |
||
| 999 |
_c125509 _d125509 |
||